F1 Winner by Grand Prix 2025 - Statistics

General Stats
  • This quiz has been taken 45 times
  • The average score is 21 of 24
Answer Stats
Grand Prix Driver % Correct
Australia Lando Norris
100%
Japan Max Verstappen
97%
China Oscar Piastri
97%
Bahrain Oscar Piastri
97%
Monaco Lando Norris
95%
Emilia-Romagna Max Verstappen
95%
Saudi Arabia Oscar Piastri
95%
Miami Oscar Piastri
95%
Spain Oscar Piastri
95%
Canada George Russell
92%
Belgium Oscar Piastri
92%
Austria Lando Norris
90%
Great Britain Lando Norris
90%
Hungary Lando Norris
90%
Baku Max Verstappen
87%
Italy Max Verstappen
85%
Abu Dhabi Max Verstappen
85%
Sao Paulo Lando Norris
82%
Las Vegas Max Verstappen
82%
Qatar Max Verstappen
82%
Mexico Lando Norris
79%
Austin Max Verstappen
79%
Dutch George Russell
69%
Singapore Oscar Piastri
69%
No matching quizzes found
Score Distribution
Percent of People with Each Score
Percentile by Number Answered
Your Score History
You have not taken this quiz